O Milagre da Manhã : (Record no. 434)

MARC details
000 -LÍDER
campo de controle de tamanho fixo 01467nam a22003257a 4500
001 - NÚMERO DE CONTROLE
campo de controle 434
003 - IDENTIFICADOR DO NÚMERO DE CONTROLE
campo de controle OSt
005 - DATA E HORÁRIO DA ÚLTIMA TRANSAÇÃO
campo de controle 20250625101142.0
008 - CAMPO DE DADOS FIXOS--INFORMAÇÃO GERAL
campo de controle de tamanho fixo 250625b |||||||g |||| 00| 0 eng d
020 ## - ISBN - INTERNATIONAL STANDARD BOOK NUMBER
ISBN - International Standard Book Number 9788576849940
040 ## - FONTE DA CATALOGAÇÃO
Idioma da catalogação por
041 ## - CÓDIGO DE IDIOMA
Código do idioma do original e/ou traduções intermediárias do texto eng
Código do idioma do texto/trilha sonora ou título diferente por
082 ## - CDD - CLASSIFICAÇÃO DECIMAL DE DEWEY
Número de Classificação 158.1
Número do exemplar E48m
100 1# - ENTRADA PRINCIPAL--NOME PESSOAL
Nome pessoal Elrod, Hal,
Datas associadas ao nome 1979-
9 (RLIN) 945
240 ## - TÍTULO UNIFORME
Título uniforme The Miracle Morning
245 ## - TÍTULO
Título O Milagre da Manhã :
Restante do título O segredo para transformar sua vida (antes das 8 horas) /
Indicação de responsabilidade, etc. Elrod, Hal ; Tradução de Marcelo Schild e Patrícia Azeredo
250 ## - EDIÇÃO
Declaração de edição 48 ed
260 ## - PUBLICAÇÃO, DISTRIBUIÇÃO, ETC.
Local de publicação, distribuição, etc. Rio de Janeiro
Nome do editor, distribuidor, etc. Best Seller
Data da publicação, distribuição, etc. 2019
300 ## - DESCRIÇÃO FÍSICA
Extensão 196 p.
520 ## - NOTA DE RESUMO, ETC.
Resumo, etc. Hal Elrod explica os benefícios de acordar cedo e desenvolver todo o nosso potencial e as nossas habilidades. O milagre da manhã permite que o leitor alcance níveis de sucesso jamais imaginados, tanto na vida pessoal quanto profissional. A mudança de hábitos e a nova rotina matinal proposta por Hal vai proporcionar melhorias significativas na saúde, na felicidade, nos relacionamentos, nas finanças, na espiritualidade ou quaisquer outras áreas que necessitem ser aprimoradas.<br/><br/>
650 #0 - ASSUNTO--TERMO TÓPICO
Cabeçalho tópico ou nome geográfico Literatura Americana
9 (RLIN) 84
650 #0 - ASSUNTO--TERMO TÓPICO
Cabeçalho tópico ou nome geográfico Desenvolvimento Pessoal
9 (RLIN) 546
650 #0 - ASSUNTO--TERMO TÓPICO
Cabeçalho tópico ou nome geográfico Mudança de hábitos
9 (RLIN) 948
650 #0 - ASSUNTO--TERMO TÓPICO
Cabeçalho tópico ou nome geográfico Produtividade
9 (RLIN) 949
650 #0 - ASSUNTO--TERMO TÓPICO
Cabeçalho tópico ou nome geográfico Gestão do tempo
9 (RLIN) 950
655 #0 - TERMO DE ÍNDICE--GÊNERO E FORMA
Gênero/forma/ou termo foco Não Ficção
700 ## - ENTRADA ADICIONADA - NOME PESSOAL
Nome pessoal Marcelo Schild
Função do autor por extenso Tradutor
9 (RLIN) 946
700 ## - ENTRADA ADICIONADA - NOME PESSOAL
Nome pessoal Patrícia Azeredo
Função do autor por extenso Tradutor
9 (RLIN) 947
942 ## - ELEMENTOS DE ENTRADA ADICIONADOS (KOHA)
Fonte de classificação ou esquema de arquivamento Classificação decimal de Dewey
Ocultar no OPAC Não
Tipo de material Koha Livros
Holdings
Situação do descarte Situação das perdas Fonte de classificação ou esquema de arquivamento Status danificado Não pode ser emprestado Coleção Biblioteca de origem Biblioteca atual Localização na estante Data de aquisição Fonte de aquisição Total de empréstimos Número de chamada completo Código de barras Data de último acesso Data do preço efetivo Tipo de material Koha
    Classificação decimal de Dewey     Não ficção Biblioteca Professor Eduardo Afonso de Castro Biblioteca Professor Eduardo Afonso de Castro Desenvolvimento Pessoal 25.06.2025 doação   158.1 / E48m 2025-17365 25.06.2025 25.06.2025 Livros

Powered by Koha